[Event "SVK-chT1W 1415"]
[Site "Slovakia"]
[Date "2015.03.14"]
[Round "10.4"]
[White "Schwarz, Dusan"]
[Black "Borik, Juraj"]
[Result "1-0"]
[WhiteElo "2339"]
[BlackElo "2188"]
[PlyCount "61"]
[EventDate "2014.10.18"]
[EventType "team-tourn"]
[EventRounds "11"]
[EventCountry "SVK"]
[SourceTitle "EXT 2016"]
[Source "ChessBase"]
[SourceDate "2015.10.08"]
[SourceVersion "1"]
[SourceVersionDate "2015.10.08"]
[SourceQuality "1"]
[WhiteTeam "Modra"]
[BlackTeam "Dubnica nad Vahom II"]
[WhiteTeamCountry "SVK"]
[BlackTeamCountry "SVK"]

1. d4 f5 2. g3 Nf6 3. Bg2 g6 4. Nf3 Bg7 5. 0-0 0-0 6. c4 d6 7. Nc3 c6 8. b3 Qe8 9. Qc2 h6 10. Ba3 g5 11. Rae1 Qh5 12. e4 fxe4 13. Nxe4 Nh7 14. Ned2 Bf5 15. Qc1 Rf7 16. Re3 Nd7 17. Bb2 Raf8 18. d5 c5 19. Bxg7 Rxg7 20. Rfe1 Rff7 21. Qa3 Nhf6 22. Qxa7 Ng4 23. Qxb7 Nde5 24. Rxe5 dxe5 25. Nf1 e4 26. Ne5 Nxf2 27. Nxf7 Nd3 28. Rxe4 Qxf7 29. Re3 Qf6 30. d6 Qd4 31. dxe7 1-0

[Event "SVK-chT 1415"]
[Site "Slovakia"]
[Date "2015.02.22"]
[Round "8.6"]
[White "Borik, Juraj"]
[Black "Jurcik, Martin"]
[Result "1-0"]
[WhiteElo "2188"]
[BlackElo "2369"]
[PlyCount "85"]
[EventDate "2014.10.25"]
[EventType "team-tourn"]
[EventRounds "11"]
[EventCountry "SVK"]
[SourceTitle "EXT 2016"]
[Source "ChessBase"]
[SourceDate "2015.10.08"]
[SourceVersion "1"]
[SourceVersionDate "2015.10.08"]
[SourceQuality "1"]
[WhiteTeam "Dubnica nad Vahom"]
[BlackTeam "Stara Lubovna"]
[WhiteTeamCountry "SVK"]
[BlackTeamCountry "SVK"]

1. Nf3 d5 2. d4 c6 3. c4 e6 4. e3 Bd6 5. Nc3 f5 6. Be2 Qf6 7. Qc2 Ne7 8. h4 0-0 9. g3 b6 10. b3 Bb7 11. Bb2 Nd7 12. Na4 Rac8 13. c5 Bc7 14. b4 e5 15. cxb6 axb6 16. dxe5 Qh6 17. 0-0 c5 18. bxc5 bxc5 19. Rab1 Ba8 20. Ba1 Kh8 21. e6 Qxe6 22. Nxc5 Nxc5 23. Qxc5 Be5 24. Ng5 Qd7 25. Qb5 Bc6 26. Qd3 Bxa1 27. Rxa1 Ng6 28. Qd4 Qe7 29. Bf3 Ne5 30. Bg2 Ng4 31. Rfc1 Nf6 32. a4 Ne4 33. Nh3 Ba8 34. a5 Qf7 35. a6 Rc4 36. Qb6 Rfc8 37. Rxc4 dxc4 38. Bxe4 Bxe4 39. Ng5 Qe8 40. Nxe4 fxe4 41. a7 c3 42. Qb7 c2 43. Rc1 1-0

[Event "SVK-chT1W 1415"]
[Site "Slovakia"]
[Date "2015.01.31"]
[Round "7.2"]
[White "Pytlik, Pavol"]
[Black "Borik, Juraj"]
[Result "1/2-1/2"]
[WhiteElo "2027"]
[BlackElo "2188"]
[PlyCount "84"]
[EventDate "2014.10.18"]
[EventType "team-tourn"]
[EventRounds "11"]
[EventCountry "SVK"]
[SourceTitle "EXT 2016"]
[Source "ChessBase"]
[SourceDate "2015.10.08"]
[SourceVersion "1"]
[SourceVersionDate "2015.10.08"]
[SourceQuality "1"]
[WhiteTeam "Trencin SK"]
[BlackTeam "Dubnica nad Vahom II"]
[WhiteTeamCountry "SVK"]
[BlackTeamCountry "SVK"]

1. e4 c5 2. Nc3 a6 3. g3 b5 4. Bg2 b4 5. Nd5 e6 6. Ne3 Nc6 7. Ne2 Be7 8. d4 cxd4 9. Nxd4 Bb7 10. 0-0 Bf6 11. Nb3 Nh6 12. Nc4 0-0 13. Nd6 Ra7 14. Be3 Ba8 15. Bxa7 Nxa7 16. Qd3 Bxb2 17. Rad1 Nc6 18. Qxa6 Qg5 19. Qe2 Ng4 20. f4 Qg6 21. Bf3 h5 22. Nc4 Bc3 23. Nb6 e5 24. Nxd7 Re8 25. f5 Qh6 26. Bxg4 hxg4 27. f6 Nd4 28. Nxd4 Bxd4+ 29. Rxd4 exd4 30. fxg7 Rxe4 31. Qf2 Re7 32. Nf6+ Kxg7 33. Nxg4 Qd6 34. h3 Kf8 35. Kh2 d3 36. cxd3 Qxd3 37. Ne5 Qa6 38. Re1 Bd5 39. Re2 Ke8 40. Qe1 f6 41. Nd3 Qxa2 42. Rxa2 Rxe1 1/2-1/2

[Event "SVK-chT1W 1415"]
[Site "Slovakia"]
[Date "2015.01.11"]
[Round "6.2"]
[White "Gazik, Igor"]
[Black "Borik, Juraj"]
[Result "1-0"]
[WhiteElo "2321"]
[BlackElo "2188"]
[PlyCount "65"]
[EventDate "2014.10.18"]
[EventType "team-tourn"]
[EventRounds "11"]
[EventCountry "SVK"]
[SourceTitle "EXT 2016"]
[Source "ChessBase"]
[SourceDate "2015.10.08"]
[SourceVersion "1"]
[SourceVersionDate "2015.10.08"]
[SourceQuality "1"]
[WhiteTeam "Prievidza SK"]
[BlackTeam "Dubnica nad Vahom II"]
[WhiteTeamCountry "SVK"]
[BlackTeamCountry "SVK"]

1. e4 c5 2. Nc3 e6 3. g3 Nc6 4. Bg2 g6 5. d3 Bg7 6. Be3 Nd4 7. Qd2 Ne7 8. 0-0-0 Nec6 9. Kb1 b5 10. Bh6 Bxh6 11. Qxh6 b4 12. Nce2 Rb8 13. Qg7 Rf8 14. Nxd4 cxd4 15. Nf3 Qa5 16. Nxd4 Qe5 17. Qxe5 Nxe5 18. f4 Nc6 19. Nb3 Ne7 20. Rd2 Bb7 21. Rc1 f5 22. c3 bxc3 23. Rxc3 Bc6 24. Nd4 fxe4 25. dxe4 g5 26. fxg5 e5 27. Nxc6 Nxc6 28. Rc5 Rf7 29. Bh3 Rb4 30. Bf5 Rd4 31. Rxe5+ Nxe5 32. Rxd4 Nc6 33. Rd6 1-0

[Event "SVK-chT1W 1415"]
[Site "Slovakia"]
[Date "2015.01.10"]
[Round "5.1"]
[White "Borik, Juraj"]
[Black "Chovanec, Milan"]
[Result "1-0"]
[WhiteElo "2188"]
[BlackElo "2143"]
[PlyCount "31"]
[EventDate "2014.10.18"]
[EventType "team-tourn"]
[EventRounds "11"]
[EventCountry "SVK"]
[SourceTitle "EXT 2016"]
[Source "ChessBase"]
[SourceDate "2015.10.08"]
[SourceVersion "1"]
[SourceVersionDate "2015.10.08"]
[SourceQuality "1"]
[WhiteTeam "Dubnica nad Vahom II"]
[BlackTeam "Povazska Bystrica SK Sparta"]
[WhiteTeamCountry "SVK"]
[BlackTeamCountry "SVK"]

1. e4 c6 2. d4 d5 3. exd5 cxd5 4. Nf3 Nc6 5. Bb5 Bd7 6. 0-0 Nf6 7. c4 e6 8. Nc3 Be7 9. Bg5 dxc4 10. Bxf6 Bxf6 11. d5 Ne5 12. Nxe5 Bxe5 13. dxe6 Bxb5 14. Qh5 0-0 15. Qxe5 Qa5 16. Qxb5 1-0

[Event "SVK-chT 1415"]
[Site "Slovakia"]
[Date "2014.11.23"]
[Round "4.4"]
[White "Borik, Juraj"]
[Black "Zagrapan, Pavol"]
[Result "1-0"]
[WhiteElo "2188"]
[BlackElo "2070"]
[PlyCount "115"]
[EventDate "2014.10.25"]
[EventType "team-tourn"]
[EventRounds "11"]
[EventCountry "SVK"]
[SourceTitle "CBM 163 Extra"]
[Source "ChessBase"]
[SourceDate "2014.12.23"]
[SourceVersion "1"]
[SourceVersionDate "2014.12.23"]
[SourceQuality "1"]
[WhiteTeam "Dubnica nad Vahom"]
[BlackTeam "Cadca"]
[WhiteTeamCountry "SVK"]
[BlackTeamCountry "SVK"]

1. e4 e6 2. d4 d5 3. Nc3 Nf6 4. Bg5 Be7 5. e5 Nfd7 6. h4 Bxg5 7. hxg5 Qxg5 8. Nf3 Qe7 9. Qd3 Nf8 10. 0-0-0 Nc6 11. Na4 b6 12. Qc3 Bd7 13. Kb1 Qb4 14. b3 Qxc3 15. Nxc3 Ng6 16. Nb5 Rc8 17. g3 a6 18. Nc3 Nb8 19. Nh4 Nxh4 20. Rxh4 c5 21. Ne2 Bb5 22. c3 Ke7 23. Kb2 h6 24. f4 cxd4 25. cxd4 Rc7 26. g4 Rhc8 27. Rd2 Nc6 28. Ng3 Bxf1 29. Nxf1 a5 30. f5 a4 31. g5 axb3 32. axb3 hxg5 33. Rh7 Nb4 34. Rxg7 Rc3 35. f6+ Kf8 36. Rh7 Ke8 37. Rh8+ Kd7 38. Rxc8 Rxc8 39. Ne3 Nc6 40. Nc2 Rh8 41. Rg2 Rh4 42. Rxg5 Nxd4 43. Nxd4 Rxd4 44. Rg7 Ke8 45. Rg8+ Kd7 46. Rf8 Re4 47. Rxf7+ Kc6 48. Rf8 Rf4 49. Re8 d4 50. Rxe6+ Kd5 51. Re7 Rf2+ 52. Kc1 Ke4 53. f7 d3 54. e6 d2+ 55. Kc2 Ke3 56. Rd7 Rf6 57. Rd3+ Ke4 58. Rxd2 1-0

[Event "SVK-chT1W 1415"]
[Site "Slovakia"]
[Date "2014.10.19"]
[Round "2.1"]
[White "Kimerling, Martin"]
[Black "Borik, Juraj"]
[Result "0-1"]
[WhiteElo "2157"]
[BlackElo "2188"]
[PlyCount "74"]
[EventDate "2014.10.18"]
[EventType "team-tourn"]
[EventRounds "11"]
[EventCountry "SVK"]
[SourceTitle "EXT 2016"]
[Source "ChessBase"]
[SourceDate "2015.10.08"]
[SourceVersion "1"]
[SourceVersionDate "2015.10.08"]
[SourceQuality "1"]
[WhiteTeam "Osuske"]
[BlackTeam "Dubnica nad Vahom II"]
[WhiteTeamCountry "SVK"]
[BlackTeamCountry "SVK"]

1. d4 Nf6 2. c4 g6 3. Nc3 Bg7 4. g3 d5 5. cxd5 Nxd5 6. Bg2 Nb6 7. Nf3 0-0 8. 0-0 Nc6 9. e3 a5 10. b3 e5 11. Nxe5 Nxe5 12. dxe5 Bxe5 13. Bb2 c6 14. f4 Bg7 15. Qc2 Qe7 16. Rae1 Qc5 17. Rf2 Re8 18. Nd1 Qxc2 19. Rxc2 a4 20. Bxg7 Kxg7 21. b4 Bf5 22. e4 Rad8 23. Kf2 Bc8 24. Nb2 a3 25. Nc4 Nxc4 26. Rxc4 Rd2+ 27. Re2 Red8 28. Rc3 R8d3 29. Rc2 Rd1 30. b5 Bg4 31. bxc6 bxc6 32. Re1 R3d2+ 33. Rxd2 Rxd2+ 34. Kf1 Rxa2 35. Rc1 Rb2 36. e5 a2 37. Be4 Bf5 0-1